[Event "Las Palmas"]
[Site "Las Palmas"]
[Date "1996.12.11"]
[Round "3"]
[White "Anand, Viswanathan"]
[Black "Ivanchuk, Vassily"]
[Result "1-0"]
[WhiteElo "2735"]
[BlackElo "2730"]
[Annotator "Anand,V"]
[PlyCount "91"]
[EventDate "1996.12.08"]
[EventType "tourn"]
[EventRounds "10"]
[EventCountry "ESP"]
[EventCategory "21"]
[SourceTitle "CBM 057"]
[Source "ChessBase"]
[SourceDate "1997.04.01"]
[SourceVersion "1"]
[SourceVersionDate "1997.04.01"]
[SourceQuality "1"]

{I played this game on my birthday. There had been only one decisive game in
the first two rounds (Topalov-Kasparov), but I knew from experience (Wijk aan
Zee 1996) that things can heat up very quickly! Even so, this was the only
decisive game of the 3rd round.} 1. e4 {Ftacnik Kramnik Dolmatov Shamkovich} e5
2. Nf3 Nc6 3. Bb5 a6 4. Ba4 Nf6 5. O-O Bc5 {Ivanchuk had played this move
twice this year (against Kamsky and Short). Basically Black retains the option
of transposing into the Archangelsk or even 5...b5 6.Bb3 Bc5 but avoids
certain unpleasant lines arising from those move orders. [More common is Bc5
without 3...a6 4.Ba4]} 6. Nxe5 Nxe5 7. d4 Nxe4 8. Re1 $5 {8.Qe2 is usually
played here. (ECO C78/2)} Be7 (8... Qh4 $2 {Ftacnik} 9. g3) 9. Rxe4 (9. dxe5 {
Kramnik} Nc5 10. Nc3 Nxa4 11. Nxa4 b5 (11... O-O {Ftacnik} 12. Bf4 f6 13. Qd5+
Kh8 14. Rad1 fxe5 15. Qxe5 Bh4 $1 $10 16. Bg3 d6 17. Bxh4 Qxh4 18. Qd4 Qxd4 19.
Rxd4 {Geller,E-Izeta,F/Palma GMA-op (1)/1989/0.5 (19)}) 12. Nc3 Bb7 $10) 9...
Ng6 10. c4 (10. h4 $6 {Ftacnik} b5 11. Bb3 d5 $1 12. Re1 Nxh4 13. Bg5 Ng6 14.
Nc3 Be6 15. Bxe7 Nxe7 16. Qf3 O-O $17 {Sahu-Flear,G/London/1987/}) 10... O-O
11. Nc3 d6 (11... c6 {/\ b5} 12. d5 $14) (11... f5 $5 {Kramnik} 12. Re2 f4 13.
f3 d6 {and White is better (ECO)] It is interesting that, in ECO, there is no
reference to 13... d6} (13... d6 {Ftacnik} 14. Bc2 Bf5 15. Bxf5 Rxf5 16. Qd3
Qd7 17. Nd5 Raf8 18. Nxe7+ Nxe7 19. Bd2 Nc6 20. Bc3 d5 21. c5 g5 {Kashdan,
I-Milner Barry,P/London (01)/1932/1-0 (65)})) 12. Nd5 (12. Qh5 {Ftacnik} c6 13.
Bc2 f5 14. Re1 Bf6 15. Ne2 Nh4 16. Nf4 Bxd4 17. g3 Ng6 18. Nxg6 hxg6 19. Qxg6
Qf6 20. Qxf6 Bxf6 21. Bf4 Bxb2 22. Rad1 Bc3 23. Re3 Bb4 24. Bxd6 Bxd6 25. Rxd6
f4 {1/2-1/2 Ulibin,M-Fernandez Garcia,J/Ibercaja op (07)/1994/ (39)}) (12. Re1
$5 {Ftacnik}) 12... Bh4 {I hadn't realized that this was possible. 13.g3 is
simply met by 13...c6. I didn't want to concede an insipid draw on my birthday
and after a long think conjured up... Intending to keep the pare of Bishops.
After 12...Bf5 13.Nxe7+ (or 13.Re1 c6 14.Nxe7+)13... Nxe7 14.Re1 c6 White has
just slight advantage} 13. Qh5 $1 {Quite a dangerous move. With hindsight it
even seems sound, but at the time I didn't know if I would ever get my
exchange back! 13.g3 c6 14.Nf4 Nxf4 15.Bxf4 Bf6 16.Re1 Bg5 17.Qd2 Bxf4 18.Qxf4
Be6 19.Bb3 Qd7 20.Re3 Smirin-Izeta, Las Palmas 1993} (13. g3 {Kramnik Dolmatov}
c6 14. Nf4 (14. Nc3 $2 Bf6 $15) 14... Nxf4 (14... Bg5 $10) 15. Bxf4 Bf6 16. Re1
Bg5 (16... b5 $5) 17. Qd2 Bxf4 (17... h6 18. h4 Bxf4 19. Qxf4) 18. Qxf4 Be6 19.
Bb3 Qd7 20. Re3 $14 {Smirin,I-Izeta,F/Las Palmas/1993/} (20. Re3 $1 {Ftacnik}
Rae8 21. Rae1 f6 22. h4 $14 {1-0 Smirin,I-Izeta,F/Las Palmas3 (02)/1993/ (44)})
) 13... c6 {Ivanchuk seemed surprised - I don't think he believed the exchange
sacrifice. [#] [Ivanchuk overlooked or underestimated the next combination;
better was 13...Be6 +=]} (13... Be6 $5 14. Nf4 $2 (14. Bd2 {Fritz} c6 15. Ba5
Qg5 16. Qxg5 Bxg5 17. Nc7) 14... Bxc4 15. Nxg6 Bxf2+ $1) 14. Rxh4 $1 {Having
said 'A'... Otherwise Black is just better. Anand said that he realized that
without this sacrifice he would have no advantage.} (14. Nc3 {Ftacnik} b5 15.
Bc2 f5 16. Re2 bxc4 $15) 14... Qxh4 (14... Nxh4 $2 15. Bg5 f6 (15... Qa5 16.
Ne7+ Kh8 17. Bc2 h6 (17... Ng6 18. Bxg6 fxg6 19. Nxg6+) (17... Nf5 18. Nxf5
Bxf5 19. Bf6 $1 $18) 18. Qxh6+ $1 gxh6 19. Bf6#) 16. Bxh4 $1 cxd5 ({Or} 16...
g6 17. Qf3 cxd5 18. Qxd5+ Kg7 19. Bg3 {and White is much better}) 17. Qxd5+ (
17. Bc2 $1 {Kramnik} g6 (17... h6 $2 {is insufficient in view of} 18. Qg6 Rf7
19. Qh7+ Kf8 20. cxd5 $1 {with a strong attack}) 18. Qxd5+ Kg7 19. Bg3 {
and Black has no counterplay, while d6-pawn is a goner.}) 17... Kh8 18. Bg3 $16
) 15. Qxh4 Nxh4 16. Nb6 Rb8 (16... Bf5 {Black can still bail out this way, but
the ^^s give White a slight edge.}) ({Better was} 16... Bf5 $5 {Kramnik} 17.
Nxa8 Rxa8 18. Bf4 d5 19. cxd5 cxd5 20. Bg3 Ng6 21. Bb3 Rd8 22. Rc1 {White has
a significant advantage, but Black still can hold}) (16... Ra7 {Ftacnik} 17.
Bf4 Nf5 18. d5 a5 $15) 17. Bf4 Nf5 (17... Rd8 $2 18. Bg5) 18. d5 $1 (18. Re1 $2
Nxd4 19. Bxd6 Be6 20. Bxb8 Rxb8 $15) (18. g4 $2 {Ftacnik} Nxd4 19. Bxd6 Bxg4
$17) 18... Re8 (18... cxd5 19. cxd5 Rd8 20. Re1 Kf8 21. h3 Ne7 22. g4 $1 {
And Black still has to find a way to untangle.}) (18... Rd8 $5 {Kramnik
Dolmatov} 19. Re1 f6 20. g4 (20. c5 g5 21. Bxd6 Nxd6 22. cxd6 Bf5) 20... Nd4)
19. Kf1 $1 (19. h3 h5 $1 (19... Re5 20. Rd1 $16) (19... Re2 20. g4 Rxb2 21. Bb3
Nd4 22. Bxd6 Nxb3 23. axb3 Rxb3 24. c5 $1 $16) 20. Kf1 Re4 $1) (19. f3 $2 {
This stops Re4 and threatens g2-g4, but there is another problem!} Re2 $1 20.
g4 Nd4 21. Kf1 Rxb2 22. Bxd6 Nxf3 23. Bxb8 Bxg4 {And there is no defence to
mate!}) (19. dxc6 bxc6 20. Bxc6 Re2 $1 $15 (20... Re2 {Ftacnik} 21. c5 Rxb2 22.
Be4 Be6 $17)) (19. c5 {Ftacnik} Re4 20. Bxd6 Nxd6 21. cxd6 Bf5 $15) 19... h6 $2
{Now Black gets in serious trouble.} (19... f6 $5) (19... h5 $5 20. Re1 {
Much more risky} (20. dxc6 {Of course, White can always bail out this way.}
bxc6 21. Bxc6 Rxb6 $1 (21... Re7 22. Nd5 $44) (21... Rd8 22. c5 $1) 22. Bxe8
Rxb2 {Black should be fine here.}) (20. Rd1 Re4 $1 {Now this is very
unpleasant.}) (20. f3 {Ftacnik} Rd8 $15) 20... Rxe1+ 21. Kxe1 f6) (19... Re4 $2
20. Re1 $1 $16 (20. Re1 {Ftacnik} Rxe1+ 21. Kxe1 h5 22. Bc2 g6 23. Kd2 $13) (
20. g3 Nh4 21. Bxd6 Bh3+ 22. Kg1 Nf3+ 23. Kh1 Rbe8 $19) (20. Bd2 Nd4 21. Bc3
Bf5 22. f3 Rf4 23. Re1 Kf8 $17)) 20. h3 $1 {Now Black is in big trouble.} (20.
g4 {Ftacnik} Re4) 20... Re4 (20... Rd8 21. g4 Nh4 22. c5 $16) (20... g5 {
Kramnik Dolmatov} 21. Bh2 Rd8 22. Re1 cxd5 23. cxd5 $44) 21. Bh2 cxd5 (21... h5
{Ftacnik} 22. Bc2 cxd5 23. Bxe4 dxe4 24. g4 $18) 22. g4 $1 {With the strong
threat of Bc2 [#]} Rxc4 {Material losses are unavoidable, yet Black could have
tried 22...dxc4 23.Bc2 (23.gxf5 Bxf5) 23...Rd4 or 22...h5. These lines are
less clear} (22... dxc4 {Kramnik Dolmatov} 23. Bc2 $1 $16 (23. gxf5 $2 Bxf5 24.
Bc2 Bxh3+ $17) 23... Re3 24. gxf5 Rxh3 25. Kg2 $18) (22... h5 {Ftacnik} 23. Bc2
hxg4 24. Bxe4 g3 (24... dxe4 25. hxg4 $18) 25. fxg3 dxe4 26. g4 Ne3+ 27. Ke2
Nc2 28. Rc1 Nb4 29. Bxd6 $18) 23. Nxc4 dxc4 24. Re1 $1 {This intermezzo does
the trick. White succeeds in exchanging rooks. Gaining the tempo, as 24...Nd4
fails to 25.Bxd6 Ra8 26.Re8+ Kh7 27.Bd7 wins ; if 24...b5 25.Re8+ Kh7 26. Bc2
wins} (24. Rd1 Be6 $1 (24... b5 25. Bc2 Nh4 26. Bxd6 {/\ Bg3+/-}) 25. gxf5 Bxf5
) 24... Be6 (24... Nd4 25. Re8+ Kh7 26. Bxd6 Ra8 27. Be5 (27. Bd7 {Ftacnik}
Bxd7 28. Rxa8 $16) 27... b5 (27... Nc6 28. Bc2+ f5 29. f4 $1 $18) 28. Bd1 Nc6
29. Bc2+ f5 30. Rxc8 Rxc8 31. Bxf5+ g6 32. Bxc8 Nxe5 33. Bxa6 b4 34. Ke2 $18) (
24... f6 {Ftacnik} 25. gxf5 Bxf5 26. Bxd6 Bxh3+ 27. Kg1 $16) 25. gxf5 Bxf5 26.
Bxd6 Bxh3+ 27. Kg1 Rd8 28. Re8+ Rxe8 29. Bxe8 {[#] Black has three pawns for
the piece, but the pare of White's Bishops decides the matter} Be6 (29... b5 {
Ftacnik} 30. Kh2 Be6 31. a4 bxa4 32. Bxa4 $16) 30. a4 $1 g5 (30... h5 {Kramnik
Dolmatov} 31. Kg2 h4 32. a5 h3+ 33. Kg3 Kh7 34. Ba4 Kg6 35. Bc2+ $18) 31. a5
Kg7 32. Ba4 (32. Kh2 {Ftacnik} h5 33. Be7 Kg6 $14) 32... Kg6 33. Bd1 $1 {
[E 34.Bf3]} (33. Bc2+ Bf5 34. Bd1 Be4 (34... Be4 {Kramnik} 35. Be2 Bd5)) 33...
Bd5 (33... h5 {Ftacnik} 34. Bf3 Bc8 35. Bd5 $16) 34. Bc2+ $1 Kf6 (34... Kh5 {
Ftacnik} 35. Bf5 $16) 35. Bc7 {Stopping h5} Ke6 (35... g4 {Ftacnik} 36. Kh2 Kg5
37. Kg3 f5 38. Bd8+ Kg6 39. Kf4 $18) 36. Bh7 {Stopping f7-f5.} Bf3 (36... f5 $2
{Ftacnik} 37. Bg8+ $18) 37. Kh2 Kd5 38. Bc2 (38. Kg3 Be4 {Why bother with this
ending?}) 38... Be4 39. Bd1 {Of course, White should not trade the Bishop} (39.
Bxe4+ {Ftacnik} Kxe4 40. Kg3 h5 41. Bd8 Kf5 $13) 39... Kd4 40. Be2 Bd3 (40...
c3 $2 {Ftacnik} 41. Bb6+ Kd5 42. bxc3 $18) 41. Bb6+ $1 Kd5 (41... Ke4 {Kramnik
Dolmatov} 42. Bh5 f5 43. Kg3 (43. Bc5 {Ftacnik xh6}) 43... g4 44. f3+) 42. Bd1
f5 43. Kg3 {Now White's plan is to transfer Bishop from b6 to f8} Ke5 44. Bc5
Kf6 45. Bh5 (45. Bf8 {Ftacnik} Kg6) 45... f4+ (45... Kg7 46. Bd4+ Kh7 47. Bf7 {
/\ Bd5}) 46. Kh2 {Black cannot stop both Bf8 and Bf3. Certainly one of my best
games and a nice way to celebrate my birthday.} (46. Kh2 {Ftacnik} Kf5 47. f3
Kf6 48. Bf8 $18) 1-0

[Event "FIDE-Wch k.o."]
[Site "New Delhi/Teheran"]
[Date "2000.12.21"]
[Round "7.2"]
[White "Anand, Viswanathan"]
[Black "Shirov, Alexei"]
[Result "1-0"]
[WhiteElo "2762"]
[BlackElo "2746"]
[Annotator "Anand,V"]
[PlyCount "127"]
[EventDate "2000.11.27"]
[EventType "k.o."]
[EventRounds "7"]
[EventCountry "IND"]
[SourceTitle "CBM 081"]
[Source "ChessBase"]
[SourceDate "2001.03.20"]
[SourceVersion "1"]
[SourceVersionDate "2001.03.20"]
[SourceQuality "1"]

1. e4 {Though both of us have played 1.d4 quite often, this match only
featured the king pawn.} e5 2. Nf3 Nc6 3. Bb5 a6 4. Ba4 Nf6 5. O-O Bc5 {
Repeating the line Mickey went for in the semis against me. I guessed that he
wanted to try 7...d5. I wasn't averse to that, since I had an idea.} 6. c3 b5
7. Bc2 d5 {Shirov himself has played 8.d4 here often.} 8. a4 $1 {A useful
intermezzo - White delays d4 for a move to see what Black does.} dxe4 {Black
has alternatives like 8...Rb8 or 8...b4, but to analyse 9.d4 under the changed
circumstances at the board isn't trivial.  He played pretty quickly.} (8... Rb8
) (8... b4) 9. axb5 Bg4 {But the effect was spoiled when he sank into thought
for a long time here!} (9... exf3 10. Qxf3 e4 11. Bxe4 Ne5 12. Qe2 O-O 13. d4
$1 $16 (13. Bxa8 Nd3 $5 $44)) (9... O-O 10. bxc6 exf3 11. Qxf3 Bg4 12. Qg3 Bd6
13. Re1 (13. d3 Be2) 13... e4 14. Qh4 (14. Qe3 Re8 15. h3 Be6) 14... Re8 {
/\ Re5} 15. Ra5 $1 $14) 10. Bxe4 Nxe4 11. bxc6 O-O (11... Ng5 12. d4 Bxf3 13.
Bxg5 Bxd1 14. Bxd8 $16) 12. d4 {Here it was my turn to sink into thought.
There were a lot of tempting possibilities, but they fell short.} (12. Ra4 Qd3
$1) (12. h3 Bh5 13. g4 Bg6 14. Nxe5 Nxf2 $1 (14... Qh4 15. d4) 15. Rxf2 Bxf2+
16. Kxf2 Qh4+ $1 (16... Qf6+ 17. Nf3 Bd3 18. Na3 Qxc6 (18... Rfe8 19. Nc2 Re2+
20. Qxe2 Bxe2 21. Kxe2 $44) 19. Nc2 f5 $1 $44) 17. Kg2 Be4+ 18. Nf3 f5 $17) (
12. d3 {The critical line, but Black's choice isn't difficult!} Nxf2 $8 13.
Rxf2 Bxf2+ 14. Kxf2 e4 $1 15. Ra4 $8 f5 {I looked at this for a long time, but
found enough counterplay for Black.} 16. Qb3+ (16. Rd4 Qe8 17. Qb3+ Kh8 18. Ne1
e3+ 19. Bxe3 (19. Kg1 f4 $44) 19... f4 20. Bd2 (20. Rxf4 Rxf4+ 21. Bxf4 Qe2+
22. Kg3 Be6) 20... Qe2+ 21. Kg1 f3 $19) 16... Kh8 17. dxe4 Bxf3 18. gxf3 Qh4+
19. Kg2 Qe1 20. Qc2 Rad8 21. Bf4 Rd1) 12... exd4 13. cxd4 Bb6 (13... Bb4 14.
Qd3 Bxf3 15. gxf3 $14) 14. Nc3 Re8 (14... Nxc3 15. bxc3 Qd5 16. h3 Bh5 17. g4
Bg6 18. Ne5 $14) 15. Be3 Qd6 (15... Qf6 $1 $11 {Pablo told me about this after
this game and it is difficult to see what White has.} 16. h3 Bxf3 17. Qxf3 Qxc6
18. d5 Qg6 $11) 16. d5 (16. Nxe4 Rxe4 17. d5 Bxe3 18. fxe3 Qc5 (18... Rxe3 19.
Qd4 Bxf3 (19... Rxf3 20. gxf3 Bh3 21. Rf2) 20. Qxe3 Bxd5 21. Rfd1 Qxc6 22. Qd4
Be4 23. Rxa6 $1 $18) 19. h3 Bxf3 20. Rxf3 Rxe3 $11) 16... Bxe3 17. fxe3 Rad8 $1
(17... Nxc3 18. bxc3 Rxe3 (18... Qc5 $2 19. Qd4) 19. Qd4 Bxf3 20. Qxe3 Bxd5 21.
Rfd1 Qxc6 22. Qd4 Bc4 23. Qd8+ Qe8 24. Qxc7 $16) 18. Rxa6 (18. Nxe4 Rxe4 19.
Rxa6 Rxe3 20. Qd4 Rxf3 21. gxf3 Bh3 22. Re1 Qg6+ 23. Kf2 Qg2+ 24. Ke3 Re8+ {
I stopped around here and decided to look at the direct capture on a6!} 25. Kd3
Qxf3+ 26. Kd2 (26. Kc4 Bf1+ 27. Kc5 Rb8 28. Ra5 Qb3 $19) 26... Qg2+ 27. Kc3
Qf3+ 28. Qd3 Qf6+ 29. Qd4 Qf3+ $11) 18... Nxc3 19. bxc3 Qxd5 (19... Rxe3 20.
Qd4 {I saw that I would have to travel to c5 with my king, so it's safe to say
that I would have double checked everything before starting, but it looks
correct!!} Rxf3 21. gxf3 Bh3 22. Re1 (22. Rfa1 $2 Qg6+ 23. Kf2 Qg2+ 24. Ke3
Re8+ $19) 22... Qg6+ 23. Kf2 Qg2+ 24. Ke3 Re8+ 25. Kd3 Qxf3+ 26. Kc4 Bf1+ 27.
Kc5 $16) 20. Qxd5 Rxd5 21. Nd4 g6 $1 {Luft for the king and the f5 square for
the bishop simultaneously.} 22. Rf4 (22. Ra7 Rxe3 $1 {As in the game.} (22...
Re7 23. e4 (23. Rf4 Be6 $1 (23... Bf5 24. Nxf5 gxf5 25. Rd4 $16) 24. Nxe6 fxe6
25. Rd4 Kf7 {Black should be able to save this.}) 23... Rc5 24. h3 Be6 25. Rb1
Rxc3 26. Rbb7 Rc4 (26... Bc4 27. Rxc7 Rxe4 28. Rd7 $1) 27. Nxe6 Rxe6 28. Rxc7
Rcxc6 (28... Rexc6 29. Rxf7 Rxe4 30. Rg7+ Kf8 31. Rxh7 $16) 29. Rxf7 h5 30.
Rg7+ Kh8 31. Rgd7 Rc8) 23. Rxc7 Rxc3 24. Rf4 (24. Rfxf7 Rxd4 {Doesn't lead
anywhere} 25. h3 Bf5 $11) 24... h5 $1 (24... f5 25. h3 $16) (24... Bf5 25. g4)
25. h3 Bf5 $11) 22... Bf5 23. Ra7 (23. Kf2 Rc5) 23... Rxe3 $1 (23... Re7 24.
Nxf5 gxf5 25. Rd4 $1) 24. c4 Rc5 25. Rxc7 Re4 {Black should now save the game.}
26. Rxe4 Bxe4 27. Re7 (27. Ra7 Rxc4 28. c7 Kg7 29. Nb5 Bf5 30. Nd6 Rc1+ 31. Kf2
Bd7 {/\ Rc6}) 27... Bf5 28. c7 Kf8 $2 (28... Kg7 $1 $11) 29. Nxf5 gxf5 30. Rd7
Kg7 31. Rd4 {White protects the c4 pawn and preserves some winning chances.}
Rxc7 32. Kf2 Kf6 33. Ke3 Ke6 $2 {A crucial loss of time.} (33... Ra7 $1 {
Black should activate his rook as soon as possible.} 34. g3 (34. Rd2 Ke5 35.
Kd3 Ra3+ 36. Kc2 f4 $132) (34. Rh4 Ke5 35. Rxh7 (35. g3 f6 $132) 35... f4+ 36.
Kf3 Ra3+ 37. Kg4 Ra2 $132) 34... Ke5 35. Rd5+ (35. Rh4 Ra3+ 36. Kd2 f4 $1)
35... Ke6 36. Rd2 Ke5 $1) 34. g3 (34. Kd3 {Was more precise}) 34... f6 $2 (
34... Ra7 $1 35. Rh4 (35. Rd2 Ke5) 35... Ke5 36. Rxh7 Ra3+ {Black is still
fighting.}) 35. Kd3 $1 {Now White's king crosses over.} Ra7 36. Kc3 $14 {
Now Black can't cut White's king off on the 2nd rank.} Ke5 37. Rh4 Rb7 38. Rf4
Rb1 39. Rf2 Rc1+ $2 (39... h5 $1 {I think Black should have tried to break
White's kingside structure.} 40. c5 Rc1+ 41. Kb4 {Still, White has gained a
lot of time, so he should be better.}) 40. Kb4 Ke6 (40... Kd6 41. Rxf5 Rb1+ 42.
Kc3 {Doesn't work.}) 41. Kb5 $2 {I felt that White shouldn't obstruct his pawn,
but this allows Black a neat trick. Either of the alternatives would have been
better.} (41. Kc5 $16) (41. c5 $1 $16) 41... Kd6 $1 {The best chance under the
circumstances.} 42. Rxf5 (42. Kb4 Rb1+ 43. Kc3 Rc1+) 42... Rb1+ 43. Ka4 {
Now White's king is out of it.} Rb2 44. Rxf6+ $6 (44. Rh5 $1 Kc6 (44... Rb7 45.
Rb5 $16) 45. Rxh7 Kc5 46. Rh4 $14 {Nonetheless, with the king on the a-file,
it won't be easy.}) 44... Kc5 45. Rh6 Kxc4 46. Rh4+ Kd5 47. Rxh7 $14 Ke5 48.
Ka3 Rb8 49. Rh5+ Kf6 (49... Ke4 $2 50. Rg5 $1 {White can now advance his
kingside pawns without his king.}) 50. Rh4 Kg5 51. Rb4 Rh8 52. h4+ Kh5 53. Rb5+
Kh6 54. g4 Re8 (54... Kg6 55. h5+ $1 Kh6 56. Rb6+ Kg7 57. Kb3) 55. Rb4 {
I hadn't yet decided what was the right plan, and this seemed like a safe move.
} (55. Rb6+ Kg7 56. h5) 55... Kg6 56. Rb6+ Kf7 57. Rb7+ Ke6 (57... Kf6 58. g5+
Kf5 59. Rh7 Kg6 60. Rh6+ Kg7 61. Kb4) 58. Rh7 $1 {Now White's pawn will reach
the 6th rank.} Rb8 59. g5 Kf5 60. Rh6 Ke5 $2 (60... Rb1 61. g6 Kf6 62. h5 Kg7
63. Rh7+ $18 Kg8 64. Rf7 (64. h6 $4 Rg1 65. Rg7+ Kh8 $11) 64... Rh1 65. Rf5 {
White just strolls over his king.}) 61. h5 $1 $18 {Now White doesn't even need
his king.} Kf5 62. g6 Kf6 63. Rh7 {/\ 64. g7 Kf7 65. h6+-} Rg8 64. Kb3 {
Obviously, I was very pleased to break through in the match and take the lead.}
1-0

[Event "Linares 14th"]
[Site "Linares"]
[Date "1997.02.13"]
[Round "8"]
[White "Polgar, Judit"]
[Black "Anand, Viswanathan"]
[Result "0-1"]
[WhiteElo "2645"]
[BlackElo "2765"]
[Annotator "Anand,V"]
[PlyCount "74"]
[EventDate "1997.02.04"]
[EventType "tourn"]
[EventRounds "11"]
[EventCountry "ESP"]
[EventCategory "18"]
[SourceTitle "CBM 057"]
[Source "ChessBase"]
[SourceDate "1997.04.01"]
[SourceVersion "1"]
[SourceVersionDate "1997.04.01"]
[SourceQuality "1"]

{At this point, I had drawn 5 games and lost 2. I had also failed to win an
excellent position against Ivanchuk in round 7. Judit on the other hand had
had a good tournament so far and was on -2 even after losing to Kramnik. Still,
I was feeling good (at least there were only 4 rounds left!) and I could try
to have some fun playing chess - there wasn't much else that could go wrong
anymore!} 1. e4 e5 2. Nf3 Nc6 3. Bb5 a6 4. Ba4 Nf6 5. O-O Bc5 {Topalov has
already drawn twice with this system against me and I figured it was time to
try it with Black! Black is trying to get into an Archangelsk without giving
White the chance to play d3 and a4. If White plays d3 then Black plays simply
d6. If not, then Black plays b5 and transposes} 6. c3 b5 7. Bb3 d6 8. a4 Rb8 9.
d3 {Here she deviates from her game against Shirov two rounds earlier.} (9. d4
Bb6 10. axb5 axb5 11. Na3 O-O 12. Nxb5 Bg4 13. Bc2 {And here Shirov improved
on his game against Topalov (Wijk aan Zee 1996) by taking on f3.}) 9... O-O 10.
axb5 axb5 11. Re1 Bb6 12. Nbd2 {I was surprised that she did this - in the
Guico Piano (or Italian game, I am not sure exactly what it is called!) this
move order was ruled out by the discovery that Ng4 followed by Kh8 and Nh6
gave Black an edge. After some thought I concluded that White was better
placed against it. The open a-file and Pb5 make it difficult for Black to
concentrate on the kingside. Still, Black is doing fine now.} Ng4 $1 13. Re2
Kh8 14. h3 Nh6 15. Nf1 f5 16. Bg5 (16. Bxh6 gxh6 17. d4 Qf6 $1 {This looks
fine for Black.} (17... fxe4 18. Rxe4 Bf5 (18... d5 19. Nxe5 $1 dxe4 20. Nxc6 {
Since g8 is off limits to Black's pieces, White can allow the Q to f2.} Qf6 21.
Nxb8 Qxf2+ 22. Kh1) 19. Re3 {/\ Ng3} e4 20. Bd5 $1 exf3 21. Bxc6 fxg2 22. Bxg2)
) 16... Qe8 17. Bxh6 gxh6 18. Ng3 Ne7 (18... f4 19. Nf5 Bxf5 (19... Rxf5 20.
exf5 Bxf5 21. d4 $1 $16) 20. exf5 Rxf5 {During the game I thought that White
should be OK here, but maybe this was worth a try. For eg..} 21. Qc2 $1 {/\ d4}
(21. Bd5 Ne7 22. Be4 Rf8 23. d4 d5 $1) (21. d4 e4 {/\ d5}) 21... Qh5 $15) 19.
d4 f4 20. Nf5 Nxf5 21. exf5 e4 22. Nd2 (22. Bd5 $1 Bxf5 23. Nd2 (23. Bxe4 $2
Bxe4 24. Nd2 d5 25. f3 Qg6 26. fxe4 f3 27. Rf2 dxe4 $19) 23... e3 $1 (23... f3
24. Nxf3 $1 c6 25. Bxe4 Bxe4 26. Nd2 d5 27. f3) 24. fxe3 fxe3 $11) 22... Bxf5
23. Nxe4 $6 (23. Bd5 $1) 23... Qg6 24. f3 Bxh3 25. Qd2 Rbe8 26. Rae1 {Even
after this error White is still fine here, as it is quite difficult to break
through White's kingside. Judit however started to commit small errors.} Re7
27. Kf1 {This is not really necessary - 27.Bc2 looks OK.} Rg7 28. Rf2 Bd7 29.
Bc2 Qh5 30. Ke2 $2 (30. b4 $1 {Sealing up the Bb6. White can proceed with
Ke2-d1-c2-b2.} d5 (30... c6 31. Ke2 $1 Bd8 32. Kd1 $1 {Judit had overlooked
that Bh4 could be met by Rh1}) 31. Nc5 Bxc5 32. dxc5 Qh1+ 33. Ke2 Qxg2 34. Kd1
Qg5 35. Qd4 $15) 30... b4 $1 $17 {Grabbing his chance. Only now is Black
really better.} 31. Kd1 bxc3 32. bxc3 Be8 {Once Black moves his Q, plays h5
and Bg6, his Rs will be free to double on the e-file.} 33. Rff1 Qa5 34. Rh1 h5
35. Nf6 $2 {This leads to a forced loss, though White had a tough defence
ahead of her.} Qa1+ 36. Qc1 Qxc3 $1 37. Nxe8 (37. Rxe8 Rxe8 38. Nxe8 Rxg2 $19)
37... Rxg2 {My first win of 1997 - I was still on -1, but at least I wasn't in
last place anymore!} 0-1